000 00893nam a2200253Ia 4500
003 OSt
005 20220923230953.0
006 a|||||r|||| 00| 0
007 ta
008 220922b |||||||| |||| 00| 0 hin d
024 _a327,198
037 _cTextual
040 _aARTS
_cARTS
_bhin
041 _2hin
_ahin
082 _aP152v2.N7, M2;P7
100 _aमोहम्मद, मलिक, ले.
245 0 _aराजभाषा हिन्दी विकास के विविध आयाम
246 _aRājabhāṣhā hindī vikās ke vividh āyāma
260 _aनयी दिल्ली
_b प्रवीण प्रकाशन
_c2007
300 _a210पृ.
_ccm.
650 _aभाषाशास्त्र
942 _hP152v2.N7, M2;P7
_cTEXL
_2CC
999 _c388500
_d388500